Statistics for Top 50 Least Happy Countries

Click here to take the quiz!

General Stats

  • This quiz has been taken 87 times
  • The average score is 30 of 50

Answer Stats

IndexCountry% Correct
4.875Iraq
83%
4.723Iran
80%
2.523Afghanistan
79%
3.819India
73%
4.918Pakistan
73%
3.623Yemen
73%
4.759Nigeria
71%
4.720Mali
70%
4.355Chad
69%
4.275Ethiopia
66%
3.415Rwanda
66%
4.891Algeria
64%
4.984Guinea
64%
4.227Mauritania
64%
3.426Myanmar
64%
3.775Burundi
63%
4.289Eswatini
63%
3.600Lesotho
63%
4.607Liberia
63%
4.892Morocco
63%
4.794Mozambique
63%
4.948South Africa
63%
4.854Ukraine
63%
4.308Egypt
61%
4.625Kenya
61%
3.849Sierra Leone
61%
5.025Bangladesh
60%
5.045Benin
60%
4.830Cambodia
60%
3.658Tanzania
59%
4.107Togo
59%
4.629Uganda
59%
4.073Zambia
59%
3.145Zimbabwe
59%
4.587Tunisia
57%
3.467Botswana
56%
5.030Laos
56%
4.574Namibia
56%
3.512Malawi
54%
4.208Madagascar
53%
4.834Burkina Faso
51%
4.936Venezuela
51%
4.852Gabon
50%
3.615Haiti
46%
4.956Turkey
44%
4.596Lebanon
43%
3.395Jordan
41%
4.283Comoros
37%
4.325Sri Lanka
37%
4.887Georgia
30%

Score Distribution

Percentile by Number Answered

Percent of People with Each Score

Your Score History

You have not taken this quiz